00327nam a2200121Ia 4500008004100000100001700041245004500058245001600103260001300119260000900132650002800141856003600169160227s9999 xx 000 0 und d aMaclean, M.  aRaspberry Pi: Measure, Record, Explore / cM. Maclean. bLeanpub. c2015 xInformation Technology. uhttps://leanpub.com/RPiMRE/read